Szczegóły MARC21

Idąc na hasło : (zapiski partyzanta) /

003 -Nazwa inst., której nr kontr. jest w polu 001 [,]
    • @
    • Nazwa instytucji, której n kontrolny jest w polu 001
    • NUKAT
005 -DATA I CZAS OSTATNIEJ MODYFIKACJI [,]
    • @
    • pole kontrolne
    • 20241231090059.0
020 -Międzynarod. znormalizowany nr książki - ISBN [ , ]
    • a
    • Numer ISBN
    • 8386482516 Find
040 -Instytucja sporządzająca opis [ , ]
    • a
    • Instytucja, która sporządziła opis (NP)
    • TOR U/KC
    • c
    • Instytucja, która sporządziła rekord (NP)
    • TOR U/KC
    • d
    • Instytucja, która zmodyfikowała rekord (P)
    • TOR U/LF
942 -Rodzaj dokumentu [ , ]
    • c
    • Rodzaj dokumentu
    • Książka
100 -Hasło główne - nazwa osobowa [1, ]
    • a
    • Nazwa osobowa (NP)
    • Nagrabiecki, Jan
    • d
    • Daty biograficzne (NP)
    • (1920-2011).
    • 9
    • KHW
    • 245588
245 -Strefa tytułu i oznaczenia odpowiedzialności [1,0]
    • a
    • Tytuł
    • Idąc na hasło : Find
    • b
    • Ciąg dalszy tytułu (NP)
    • (zapiski partyzanta) / Find
    • c
    • Pozostałe elementy strefy tytułu i oznaczenia odpowiedzialności (NP)
    • Jan Nagrabiecki "Wandal".
250 -Strefa wydania [ , ]
    • a
    • Oznaczenie wydania (NP)
    • Wyd. 2.
260 -Strefa adresu wydawniczego [ , ]
    • a
    • Miejsce wydania (P)
    • Komorów :
    • b
    • Nazwa wydawcy (P)
    • Wydawnictwo Antyk Marcin Dybowski,
    • c
    • Data wydania (P)
    • 1997.
300 -Strefa opisu fizycznego [ , ]
    • a
    • Określenie formy książki i/lub objętość (NP)
    • 217, [8] s., [15] s. tabl. :
    • b
    • Oznaczenie ilustracji (NP)
    • fot., portr. ;
    • c
    • Format (NP)
    • 21 cm.
336 -Typ zawartości [ , ]
    • a
    • Termin opisujący typ zawartości
    • Tekst
    • b
    • Kod określający zawartość
    • txt
    • 2
    • Źródło (terminu i kodu)
    • rdacontent
337 -Typ mediów [ , ]
    • a
    • Tryb odtwarzania
    • Bez urządzenia pośredniczącego
    • b
    • Kod typu mediów
    • n
    • 2
    • Źródło (terminu i kodu)
    • rdamedia
338 -Typ/rodzaj nośnika [ , ]
    • a
    • Hasło opisujące typ nośnika
    • Wolumin
    • b
    • Kod typu nośnika
    • nc
    • 2
    • Źródło (terminu i kodu)
    • rdacarrier
380 -Deskryptor - Forma dzieła (P) [ , ]
    • a
    • forma dzieła (NP)
    • Książki
380 -Deskryptor - Forma dzieła (P) [ , ]
    • a
    • forma dzieła (NP)
    • Literatura faktu, eseje, publicystyka
386 -Deskryptor - przynależność kulturowa (P) [ , ]
    • m
    • Wyrażenie wprowadzające (NP)
    • Przynależność kulturowa
    • a
    • Przynależność kulturowa (NP)
    • Literatura polska
388 -Deskryptor - czas powstania dzieła (P) [1, ]
    • a
    • Czas powstania dzieła (NP)
    • 1901-2000
080 -Uniwersalna Klasyfikacja Dziesiętna [ , ]
    • a
    • Symbol klasyfikacji
    • 943.8.082.2
080 -Uniwersalna Klasyfikacja Dziesiętna [ , ]
    • a
    • Symbol klasyfikacji
    • :929(438)"19"Nagrabiecki J.
600 -Hasło przedmiotowe w formie nazwy osobowej [1,7]
    • a
    • Nazwa osobowa
    • Nagrabiecki, Jan
    • d
    • Daty związane z nazwą
    • (1920-2011)
    • 2
    • Źródło terminu
    • DBN
    • 9
    • KHW
    • 738977
610 -Hasło przedmiotowe w formie nazwy ciała zbiorowego [2,7]
    • a
    • Nazwa ciała zbiorowego lub nazwa geograficzna
    • Armia Krajowa (AK)
    • 2
    • Źródło terminu
    • DBN
    • 9
    • KHW
    • 730445
648 -Hasło przedmiotowe - chronologia [ ,7]
    • a
    • Deskryptor chronologiczny
    • 1901-2000
    • 2
    • Źródło terminu
    • DBN
    • 9
    • KHW
    • 721448
648 -Hasło przedmiotowe - chronologia [ ,7]
    • a
    • Deskryptor chronologiczny
    • 1939-1945
    • 2
    • Źródło terminu
    • DBN
    • 9
    • KHW
    • 721730
650 -Hasło przedmiotowe [ ,7]
    • a
    • Hasło przedmiotowe
    • Wojna światowa (1939-1945)
    • x
    • Określnik rzeczowy
    • ruch oporu
    • z
    • Określnik geograficzny
    • Litwa
    • z
    • Określnik geograficzny
    • Wilno.
    • 2
    • Źródło terminu
    • kaba
    • 9
    • KHW
    • 485379
650 -Hasło przedmiotowe [ ,7]
    • a
    • Hasło przedmiotowe
    • Wojna światowa (1939-1945)
    • v
    • Określnik formalny
    • relacje osobiste Polaków.
    • 2
    • Źródło terminu
    • kaba
    • 9
    • KHW
    • 136234
651 -Hasło przedmiotowe w formie nazwy geograficznej [ ,7]
    • a
    • Nazwa geograficzna
    • Wilno (Litwa ; okolice)
    • 2
    • Źródło terminu
    • DBN
    • 9
    • KHW
    • 738980
655 -Hasło w funkcji tematu formalnego [ ,7]
    • a
    • Hasło
    • Pamiętniki i wspomnienia
    • 2
    • Źródło terminu
    • DBN
    • 9
    • KHW
    • 723322
658 -Ujęcie treści [ , ]
    • a
    • dziedzina nauki i sztuki/ sfera aktywności życiowej
    • Historia
980 -Symbol UKD [ , ]
    • a
    • UKD
    • 943.8.082.2:929(438)"19"Nagrabiecki J.
920 -ISBN [ , ]
    • a
    • ISBN
    • 83-86482-51-6 Find
Lokalizacja Data inwentaryzacji Numer inwentarzowy Status udost.
BG2002-12-10JK.4011